000 04686nam a2200493Ia 4500
001 dia_4743
003 CHAP
005 20240820133659.0
007 ta
008 220117s2015 mx ade frm 001 0 spa d
010 _a175491
040 _cCHAP
_amxchpua
_erda
041 0 _aspa
_beng
090 _aTesis
_bM377
_c2015
100 1 _aMartínez Toro, Lizbet Jenny
240 1 0 _aProposal and feasibility of an alternative source of heat for milk pasteurization and cheese elaboration.
_lEspañol
245 _aPropuesta y factibilidad de una fuente de calor alternativa para la pasteurización de leche y elaboración de queso /
_cLizbet Jenny Martínez Toro
264 _aChapingo, México :
_bEl autor,
_c2015
300 _avi, 67 hojas :
_bilustraciones, gráficas, diagramas, planos +
_e1 CD-ROM
336 _2rdacontent
_atexto
_btxt
337 _2rdamedia
_ano mediado
_bn
338 _2rdacarrier
_avolumen
_bnc
500 _aEl CD contiene presentación y reporte
502 _aTesis
_b(Ingeniero Agroindustrial ) --
_cUACh. Departamento de Ingeniería Agroindustrial,
_d2015
504 _aBibliografía: hojas 63-65
505 _aContiene 1 plano -- 1. Distribución de planta (Esc. 2:1)
520 3 _aSe propone el uso de una fuente de calor alternativa a partir de paneles solarestermodinámicos (PST) como medio de aporte térmico para pasteurización de leche y elaboración de queso dirigida a las pequeñas pasteurizadoras y queserías de los Reyes Etla, Oaxaca. Se calculó la demanda energética para cada proceso (pasteurización y elaboración de quesillo). Posteriormente se presenta una propuesta de conexión entre el circuito primario (Tecnología PST) y un circuito secundario cerrado conformado por el subsistema de acumulación, subsistema de distribución y subsistema de apoyo. A partir de ésta propuesta, se evaluó la pérdida de calor en tuberías del circuito secundario, posteriormente considerando el calor total demandado (calor en proceso+ calor perdido en tuberías de transporte) se eligió el equipo PST adecuado. Se determinó la inversión inicial de la tecnología PST y sus costos de operación a lo largo de 20 años (vida útil de la tecnología) para compararla contra una fuente de calor convencional tomando como referencia el costo de la caldera y sus costos de operación en 20 años. En los resultados se observó que el sistema del grupo termodinámico PST 16 (16 paneles solares termodinámicos) es factible al dirigirlo a la microindustria, cubriendo en su totalidad la demanda energética para una capacidad de 1,500 L de leche diarios con ahorros a partir del quinto año y un ahorro acumulado de 1, 676,548.00 (un millón seiscientos setenta y seis mil quinientos cuarenta y ocho pesos).al final de su vida útil. --
520 3 _a This investigation presents a proposal for the use of an alternative heat source from thermodynamic solar collectors (PST) for milk pasteurization and cheese elaboration at dairy small-industry in los Reyes Etla, Oaxaca. The energetic demand for each process (milk pasteurization and cheese elaboration) was calculated. Subsequently, the propose of a connection between the primary circuit (PST Technology) and a closed secondary circuit formed by the accumulation subsystem, distribution subsystem and backup subsystem was presented. From this proposal, the heat loss at the secondary system pipes was calculated. Considering the total heat requirements in the micro industry, the PST technology was chosen. The initial investment and operating costs of the technology PST was compared against a conventional heat source. It was observed that the system of thermodynamic group PST 16 (16 thermodynamic solar collectors) it is suitable to process 1500 L of milk per day covering total requirements, the economical savings begins at year five and the cumulative savings were 1,676,548.00 (One million six hundred seventy-six thousand five hundred forty -eight pesos) at the end of the useful life of the technology.
650 1 3 _aEnergía solar
_xPasteurización
_2atg
650 1 3 _aFabricación de queso
_2atg
650 1 3 _aCheesemaking
_2atg
650 1 3 _aSolar energy
_xPasteurization
_2atg
700 1 _aBañuelos Gudiño, Mario Marco Vinicio
_edirector
700 1 _aPérez Barrón, Juan
_easesor
700 1 _aSantos Moreno, Armando
_easesor
856 4 1 _uhttp://10.13.5.2/tesis/sist112240.pdf
_yDESCARGAR PDF
901 _aTESIS M377 2015
902 _aM
905 _a5232272015 mx dnm 8223123312spa16
942 _cTESIS
_2Clasificación Universidad Autónoma Chapingo
999 _c175491
_d175491